000 00303nam a22001337a 4500
008 180119b xxu||||| |||| 00| 0 eng d
020 _a9780981641102
041 _aeng
080 _a33
100 _a59
101 _aBIZ
245 _aSix disciplines execution revolution
_cHARPST,G
942 _2udc
_cBK
999 _c40551
_d40551